The recitation and interpretation of the Quran A-Ghazaki;s theory (Record no. 542346)

000 -LEADER
fixed length control field 00400nam a22001337a 4500
082 ## - DEWEY DECIMAL CLASSIFICATION NUMBER
Classification number 297.1226
Author Mark QUA
-- L-31,ii.P50
100 ## - MAIN ENTRY--PERSONAL NAME
Personal name Muhammad Abul Qasim
9 (RLIN) 37479
245 ## - TITLE STATEMENT
Title The recitation and interpretation of the Quran A-Ghazaki;s theory
Statement of responsibility, etc. Muhammad Abul Qasim
260 ## - PUBLICATION, DISTRIBUTION, ETC.
Place of publication, distribution, etc. London
Name of publisher, distributor, etc. KPI
Date of publication, distribution, etc. 1979
300 ## - PHYSICAL DESCRIPTION
Extent 121p.
526 ## - STUDY PROGRAM INFORMATION NOTE
Program name 0
Interest level 0
Reading level 0
Title point value 297_122600000000000_QUA
650 ## - SUBJECT ADDED ENTRY--TOPICAL TERM
Topical term or geographic name entry element MCE
9 (RLIN) 379
942 ## - ADDED ENTRY ELEMENTS (KOHA)
Source of classification or shelving scheme
Koha item type Book
Holdings
Withdrawn status Lost status Source of classification or shelving scheme Damaged status Not for loan Permanent Location Current Location Date acquired Total Checkouts Full call number Barcode Date last seen Date last checked out Price effective from Koha item type
          Military College of Engineering (MCE) Military College of Engineering (MCE) 11/07/2013 1 297.1226 QUA MCE-25818 05/25/2015 04/21/2015 11/07/2013 Book
© 2023 Central Library, National University of Sciences and Technology. All Rights Reserved.